L'Enquête participation en question : analyse d'une expérience, description d'une méthode, et réflexions critiques (Record no. 21192)

MARC details
000 -LEADER
fixed length control field 00595 a2200193 4500
100 ## - VEDETTE PRINCIPALE - NOM DE PERSONNE
Personal name BOTERF, Guy le
130 ## - VEDETTE PRINCIPALE - TITRE UNIFORME
Language of a work Fr
260 ## - PUBLICATION, DISTRIBUTION, ETC. (IMPRINT)
Place of publication, distribution, etc Paris
260 ## - PUBLICATION, DISTRIBUTION, ETC. (IMPRINT)
Name of publisher, distributor, etc Ligue Française de l'enseignement et de l'éducation permanente
245 ## - TITLE STATEMENT
Title L'Enquête participation en question : analyse d'une expérience, description d'une méthode, et réflexions critiques
260 ## - PUBLICATION, DISTRIBUTION, ETC. (IMPRINT)
Date of publication, distribution, etc [SD]
300 ## - PHYSICAL DESCRIPTION
Extent 391p.
440 ## - SERIES STATEMENT/ADDED ENTRY--TITLE
Title Théories et pratiques de l'éducation permanente
650 ## - SUBJECT ADDED ENTRY--TOPICAL TERM
Topical term or geographic name as entry element EDUCATION
690 ## - LOCAL SUBJECT ADDED ENTRY--TOPICAL TERM (OCLC, RLIN)
Topical term or geographic name as entry element enquête-participation
690 ## - LOCAL SUBJECT ADDED ENTRY--TOPICAL TERM (OCLC, RLIN)
Topical term or geographic name as entry element éducation permanente
Holdings
Withdrawn status Lost status Damaged status Not for loan Location (home branch) Sublocation or collection (holding branch) Date acquired Koha issues (times borrowed) Koha full call number Koha date last seen Copy number Price effective from Koha item type Public note
        Bibliothèque-Centre de Documentation de la Faculté des Sciences Agronomiques Bibliothèque-Centre de Documentation de la Faculté des Sciences Agronomiques     147.ESR.11 27/02/2009 1 27/02/2009 Livre A.3561


© 2008, Bibliothèques de l'Université d'Abomey-Calavi

04 BP 789 Cotonou, Tél. : +229 21 36 01 01, Fax : +229 21 35 06 32

Courriel : bu@bu.uac.bj